Metros by Spanish speakers - Statistics

General Stats
  • This quiz has been taken 189 times
    172 since last reset
  • The average score is 36 of 55
Answer Stats
Hint Answer % Correct
4,413,590 USA Los Angeles
100%
20,137,152 Mexico Mexico City
99%
10,763,453 Colombia Bogota
98%
12,801,364 Argentina Buenos Aires
98%
9,735,587 Peru Lima
98%
6,138,056 Spain Madrid
98%
9,735,587 Chile Santiago
98%
4,542,490 Spain Barcelona
97%
5,576,000 Venezuela Caracas
97%
4,100,000 Guatemala Guatemala City
93%
2,576,286 Ecuador Quito
93%
2,091,782 USA Miami
92%
4,434,252 Mexico Guadalajara
91%
1,596,789 USA Houston
89%
2,364,235 Bolivia La Paz
88%
1,707,620 Costa Rica San Jose
88%
2,585,202 Venezuela Valencia
87%
2,300,000 Spain Valencia
87%
2,907,100 Dominican Republic Santo Domingo
86%
1,324,152 USA Dallas
84%
2,106,146 Cuba Havana
84%
1,738,479 Uruguay Montevideo
84%
3,591,963 Colombia Medellin
83%
2,582,746 Puerto Rico San Juan
82%
2,352,942 El Salvador San Salvador
82%
4,106,054 Mexico Monterrey
80%
2,329,061 Paraguay Asuncion
78%
3,400,000 Colombia Cali
75%
1,272,672 Panama Panama City
73%
3,751,896 Ecuador Guayaquil
72%
1,324,000 Honduras Tegucigalpa
62%
1,528,000 Argentina Cordoba
61%
1,751,302 Mexico Tijuana
61%
1,300,366 Nicaragua Managua
60%
4,163,670 Venezuela Maracaibo
60%
2,728,790 Mexico Puebla
58%
1,497,498 USA Chicago
56%
1,360,361 Spain Seville
55%
3,506,711 USA New York City
53%
1,242,000 Argentina Rosario
52%
2,162,143 Colombia Barranquilla
48%
1,697,581 Chile Valparaiso
47%
1,609,717 Mexico Leon
43%
1,950,842 Chile Concepcion
34%
1,936,126 Mexico Toluca
32%
1,055,679 Argentina Mendoza
29%
1,202,598 Honduras San Pedro Sula
27%
1,600,000 Venezuela Barquisimeto
24%
1,495,094 Mexico Ciudad Juarez
24%
1,302,000 Venezuela Maracay
21%
1,212,657 Colombia Bucaramanga
18%
1,340,337 USA Riverside
17%
1,097,028 Mexico Queretaro
15%
1,275,993 Mexico Torreon
12%
1,040,822 Mexico San Luis Potosi
9%
No matching quizzes found
Score Distribution
Percent of People with Each Score
Percentile by Number Answered
Your Score History
You have not taken this quiz since the last reset